ARRUPE JESUIT UNIVERSITY

CORONAVIRUS -STOP THE SPREAD - CLEAN,DISINFECT,COVER

Phenomenology in a pluralistic context / (Record no. 123382)

MARC details
000 -LEADER
fixed length control field 01714cam a2200337 a 4500
001 - CONTROL NUMBER
control field 1861069
003 - CONTROL NUMBER IDENTIFIER
control field ARRUPE
005 - DATE AND TIME OF LATEST TRANSACTION
control field 20150911104122.0
008 - FIXED-LENGTH DATA ELEMENTS--GENERAL INFORMATION
fixed length control field 821210s1983 nyu b s001 0 eng
010 ## - LIBRARY OF CONGRESS CONTROL NUMBER
LC control number 82019609
020 ## - INTERNATIONAL STANDARD BOOK NUMBER
International Standard Book Number 087395730X
020 ## - INTERNATIONAL STANDARD BOOK NUMBER
International Standard Book Number 0873957318 (pbk.)
040 ## - CATALOGING SOURCE
Original cataloging agency DLC
Transcribing agency DLC
Modifying agency DLC
-- OCoLC
050 00 - LIBRARY OF CONGRESS CALL NUMBER
Classification number B829.5
Item number .P466 1983
082 00 - DEWEY DECIMAL CLASSIFICATION NUMBER
Classification number 142/.7
Edition number 19
300 ## - PHYSICAL DESCRIPTION
Dimensions 24 cm.
100 ## - MAIN ENTRY--PERSONAL NAME
Personal name McBride, William Leon. (ed.)
9 (RLIN) 19759
245 00 - TITLE STATEMENT
Title Phenomenology in a pluralistic context /
Statement of responsibility, etc William L. McBride and Calvin O. Schrag, editors.
260 ## - PUBLICATION, DISTRIBUTION, ETC. (IMPRINT)
Place of publication, distribution, etc Albany :
Name of publisher, distributor, etc State University of New York Press,
Date of publication, distribution, etc c1983.
300 ## - PHYSICAL DESCRIPTION
Extent vii, 317 p. ;
440 #0 - SERIES STATEMENT/ADDED ENTRY--TITLE
Title Selected studies in phenomenology and existential philosophy ;
Volume number/sequential designation 9
9 (RLIN) 19760
500 ## - GENERAL NOTE
General note "Contains papers and symposia contributions selected from the seventeenth, eighteenth, and nineteenth annual meetings of the Society for Phenomenology and Existential Philosophy ... held at Duquesne University (1978), Purdue University (1979), and the University of Ottawa (1980)"--Introd.
504 ## - BIBLIOGRAPHY, ETC. NOTE
Bibliography, etc Includes bibliographical references and index.
650 #0 - SUBJECT ADDED ENTRY--TOPICAL TERM
Topical term or geographic name as entry element Phenomenology.
Source of heading or term Addresses, essays, lectures
9 (RLIN) 19761
700 1# - ADDED ENTRY--PERSONAL NAME
Personal name McBride, William Leon.
9 (RLIN) 19759
700 1# - ADDED ENTRY--PERSONAL NAME
Personal name Schrag, Calvin O.
9 (RLIN) 19762
Relator term ed.
710 2# - ADDED ENTRY--CORPORATE NAME
Corporate name or jurisdiction name as entry element Society for Phenomenology and Existential Philosophy.
Subordinate unit Meeting
Number of part/section/meeting (17th :
Date of meeting or treaty signing 1978 :
Location of meeting Duquesne University)
9 (RLIN) 19763
710 2# - ADDED ENTRY--CORPORATE NAME
Corporate name or jurisdiction name as entry element Society for Phenomenology and Existential Philosophy.
Subordinate unit Meeting
Number of part/section/meeting (18th :
Date of meeting or treaty signing 1979 :
Location of meeting Purdue University)
9 (RLIN) 19764
710 2# - ADDED ENTRY--CORPORATE NAME
Corporate name or jurisdiction name as entry element Society for Phenomenology and Existential Philosophy.
Subordinate unit Meeting
Number of part/section/meeting (19th :
Date of meeting or treaty signing 1980 :
Location of meeting University of Ottawa)
9 (RLIN) 19765
906 ## - LOCAL DATA ELEMENT F, LDF (RLIN)
a 7
b cbc
c orignew
d 1
e ocip
f 19
g y-gencatlg
942 ## - ADDED ENTRY ELEMENTS (KOHA)
Source of classification or shelving scheme Library of Congress Classification
Koha item type Monograph ( Printed materials)
Holdings
Withdrawn status Lost status Source of classification or shelving scheme Damaged status Not for loan Collection code Home library Current library Shelving location Date acquired Total Checkouts Full call number Barcode Date last seen Price effective from Koha item type
    Library of Congress Classification     Main Collection ARRUPE LIBRARY ARRUPE LIBRARY Main Collection 10/09/2015   B829.5P466 1983 46500004227 10/09/2015 10/09/2015 Monograph ( Printed materials)

 

Arrupe Library. PO Box MP320 Mt Pleasant, Harare, Zimbabwe
263 242 745411|librarian@aju.ac.zw